000 01112nam0a22002891 4500
001 rc\2152560
005 20110829174451.2
035 _a(NLR Aleph) 006636372
090 _a7603744
_c7603744
100 _a20110829d1978 |||y0rusy50 ca
101 0 _arus
102 _aRU
105 _aa z |||||
200 1 _aОсобенности учета энергии на тяговых железнодорожных подстанциях
_fВ.С. Скрябинский, Д.В. Сотников, Ю.Б. Манусов
210 _aКиев
_cИЭД
_d1978
215 _a27 с.
_cил.
_d20
225 1 _aПрепринт
_fАН УССР, Ин-т электродинамики
_v170
320 _aБиблиогр.: с. 26
700 1 _aСкрябинский
_bВ. С.
_gВладимир Степанович
701 1 _aМанусов
_bЮ. Б.
_gЮрий Борисович
701 1 _aСотников
_bД. В.
_gДмитрий Владимирович
801 0 _aRU
_bNLR
_gpsbo
801 1 _aRU
_bELAR
_2rusmarc
852 _aNLR
_j79-4/6151
899 _aRuMoRGB
_jБр 157/179
942 _cBOOK
980 _aNB